[Event "SLO-ch U16"]
[Site "Ptuj"]
[Date "2017.02.27"]
[Round "4"]
[White "Stevanic, David"]
[Black "Markosek, Maj"]
[Result "1-0"]
[WhiteElo "2013"]
[BlackElo "1928"]
[PlyCount "77"]
[EventDate "2017.02.25"]
[EventType "swiss"]
[EventRounds "9"]
[EventCountry "SLO"]
[SourceTitle "CBM 177 Extra"]
[Source "ChessBase"]
[SourceDate "2017.04.27"]
[SourceVersion "1"]
[SourceVersionDate "2017.04.27"]
[SourceQuality "1"]

1. e4 d5 2. exd5 Qxd5 3. Nc3 Qd6 4. d4 Nf6 5. Bc4 c6 6. Nge2 g6 7. Bf4 Qd8 8. Qd2 Bg7 9. 0-0-0 0-0 10. h4 Nd5 11. Nxd5 cxd5 12. Bd3 Nc6 13. c3 e5 14. dxe5 Nxe5 15. Be4 Be6 16. Bxd5 Bf5 17. Bxe5 Bxe5 18. Bxb7 Qa5 19. Bxa8 Qxa2 20. Qd5 Qa4 21. Kd2 Re8 22. Ke1 Be4 23. Qxe4 Bxc3+ 24. Nxc3 Rxe4+ 25. Bxe4 Qb4 26. Rb1 Qe7 27. Kd2 Qd6+ 28. Kc2 Qf4 29. f3 Qg3 30. Rhg1 Qxh4 31. g4 Qf2+ 32. Kd3 Qb6 33. b4 a5 34. b5 Qd6+ 35. Bd5 a4 36. b6 a3 37. b7 Qb8 38. Ra1 Kg7 39. Rxa3 1-0

[Event "Ljubljana-chT 70th"]
[Site "Ljubljana"]
[Date "2017.02.16"]
[Round "5.4"]
[White "Jelen, Miha"]
[Black "Markosek, Maj"]
[Result "1-0"]
[WhiteElo "1909"]
[BlackElo "1928"]
[PlyCount "81"]
[EventDate "2017.01.12"]
[EventType "team-tourn"]
[EventRounds "9"]
[EventCountry "SLO"]
[SourceTitle "EXT 2019"]
[Source "ChessBase"]
[SourceDate "2018.10.10"]
[SourceVersion "1"]
[SourceVersionDate "2018.10.10"]
[SourceQuality "1"]
[WhiteTeam "Ig"]
[BlackTeam "Komenda Popotnik"]
[WhiteTeamCountry "SLO"]
[BlackTeamCountry "SLO"]

1. e4 c6 2. d4 d5 3. exd5 cxd5 4. c4 Nf6 5. Nc3 g6 6. Be2 Bg7 7. cxd5 0-0 8. Bf3 Nbd7 9. Nge2 Nb6 10. Qb3 Bg4 11. Bxg4 Nxg4 12. 0-0 Qd7 13. Bf4 Rfd8 14. d6 exd6 15. Rac1 Re8 16. Rc2 Rac8 17. Rfc1 d5 18. Nb5 Rxc2 19. Rxc2 Nc4 20. h3 Nf6 21. Nc7 Re7 22. Qxb7 Qd8 23. Qc6 h6 24. Qc5 g5 25. Bg3 Nb6 26. Qa5 Nh5 27. Nb5 Nxg3 28. Nxg3 Qb8 29. Nf5 Re8 30. g3 Nc4 31. Qa4 Re1+ 32. Kh2 Qe8 33. Nc3 Qe6 34. Nxg7 Kxg7 35. Qb5 Ne3 36. fxe3 Qxe3 37. Rg2 Qc1 38. Rf2 Qe3 39. Rg2 Qc1 40. Rf2 Qe3 41. Kg2 1-0

[Event "SLO-chT Central Superliga 17th"]
[Site "Slovenia"]
[Date "2016.10.27"]
[Round "6.2"]
[White "Dajcman, Nikolaj"]
[Black "Markosek, Maj"]
[Result "0-1"]
[WhiteElo "1635"]
[BlackElo "1919"]
[PlyCount "50"]
[EventDate "2016.09.22"]
[EventType "team-tourn"]
[EventRounds "9"]
[EventCountry "SLO"]
[SourceTitle "EXT 2023"]
[Source "ChessBase"]
[SourceDate "2022.10.05"]
[SourceVersion "1"]
[SourceVersionDate "2022.10.05"]
[SourceQuality "1"]
[WhiteTeam "Kranj Gimnazija"]
[BlackTeam "Komenda Popotnik"]
[WhiteTeamCountry "SLO"]
[BlackTeamCountry "SLO"]

1. e4 c6 2. Nf3 d5 3. exd5 cxd5 4. d4 Nc6 5. Bd3 Nf6 6. 0-0 Bg4 7. c3 e6 8. Nbd2 Bd6 9. Re1 0-0 10. Qb3 Qc7 11. Bf1 h6 12. a3 a6 13. a4 Rac8 14. h3 Bh5 15. Be2 Rfe8 16. Nf1 Ne4 17. N1d2 f5 18. Nxe4 fxe4 19. Nd2 Bxe2 20. Rxe2 Qf7 21. f3 Rf8 22. fxe4 dxe4 23. Rxe4 Qf2+ 24. Kh1 Qf1+ 25. Nxf1 Rxf1# 0-1

[Event "SLO-chT Central Superliga 17th"]
[Site "Slovenia"]
[Date "2016.09.29"]
[Round "2.3"]
[White "Markosek, Maj"]
[Black "Sivcevic, Nusret"]
[Result "0-1"]
[WhiteElo "1919"]
[BlackElo "1842"]
[PlyCount "66"]
[EventDate "2016.09.22"]
[EventType "team-tourn"]
[EventRounds "9"]
[EventCountry "SLO"]
[SourceTitle "EXT 2023"]
[Source "ChessBase"]
[SourceDate "2022.10.05"]
[SourceVersion "1"]
[SourceVersionDate "2022.10.05"]
[SourceQuality "1"]
[WhiteTeam "Komenda Popotnik"]
[BlackTeam "Klinicni Center"]
[WhiteTeamCountry "SLO"]
[BlackTeamCountry "SLO"]

1. d4 e6 2. c4 f5 3. Nf3 Nf6 4. g3 Bb4+ 5. Bd2 Bxd2+ 6. Nbxd2 0-0 7. Bg2 d6 8. Qc2 Qe8 9. 0-0 Qh5 10. e4 fxe4 11. Nxe4 Nbd7 12. Rfe1 h6 13. b4 a5 14. b5 d5 15. Nc5 Nxc5 16. dxc5 Ne4 17. Re3 c6 18. Rc1 Bd7 19. bxc6 bxc6 20. Rf1 Rae8 21. Ra3 Rf7 22. Nd2 Nf6 23. Rxa5 Ref8 24. f3 e5 25. cxd5 cxd5 26. c6 Bh3 27. c7 e4 28. Nxe4 Nxe4 29. g4 Bxg4 30. fxg4 Rxf1+ 31. Bxf1 Qxg4+ 32. Qg2 Rxf1+ 33. Kxf1 Qd1# 0-1

[Event "SLO-chT Central Superliga 17th"]
[Site "Slovenia"]
[Date "2016.09.22"]
[Round "1.3"]
[White "Mlakar, Matej"]
[Black "Markosek, Maj"]
[Result "0-1"]
[WhiteElo "1503"]
[BlackElo "1919"]
[PlyCount "116"]
[EventDate "2016.09.22"]
[EventType "team-tourn"]
[EventRounds "9"]
[EventCountry "SLO"]
[SourceTitle "EXT 2023"]
[Source "ChessBase"]
[SourceDate "2022.10.05"]
[SourceVersion "1"]
[SourceVersionDate "2022.10.05"]
[SourceQuality "1"]
[WhiteTeam "Komenda Pogi"]
[BlackTeam "Komenda Popotnik"]
[WhiteTeamCountry "SLO"]
[BlackTeamCountry "SLO"]

1. e4 c6 2. d4 d5 3. exd5 cxd5 4. Bd3 Nc6 5. c3 Nf6 6. Bf4 Bg4 7. Qb3 Qc8 8. Ne2 Bh5 9. f3 e6 10. 0-0 Be7 11. Nd2 0-0 12. Qc2 Bg6 13. Bxg6 hxg6 14. Nb3 Nd7 15. Nec1 Bf6 16. Nd3 Nxd4 17. Nxd4 Bxd4+ 18. Kh1 Bf6 19. Rfe1 Qc4 20. Qd2 Rfe8 21. Ne5 Nxe5 22. Bxe5 Bxe5 23. Rxe5 Rac8 24. Ree1 b5 25. a3 Red8 26. Rac1 Qb3 27. Qc2 Qxc2 28. Rxc2 d4 29. Rcc1 dxc3 30. Rxc3 Rxc3 31. bxc3 Rd2 32. h3 Ra2 33. Rb1 a6 34. c4 bxc4 35. Rc1 Rxa3 36. Rxc4 Kf8 37. Rc8+ Ke7 38. Rc7+ Kf6 39. Kh2 Rd3 40. Ra7 Rd6 41. Kg3 g5 42. Ra8 g6 43. Ra7 e5 44. Kf2 Ke6 45. Ke3 f5 46. g4 f4+ 47. Ke2 Kd5 48. Rc7 Rc6 49. Rd7+ Kc4 50. Re7 Rc5 51. Re6 a5 52. Rxg6 a4 53. Ra6 Kb4 54. Kd2 a3 55. Rb6+ Rb5 56. Rxb5+ Kxb5 57. Kc3 a2 58. Kb2 e4 0-1

[Event "SLO-chT U16"]
[Site "Debeli Rtic"]
[Date "2015.05.17"]
[Round "5"]
[White "Meglic, Jaka"]
[Black "Markosek, Maj"]
[Result "1/2-1/2"]
[WhiteElo "1746"]
[BlackElo "1897"]
[PlyCount "79"]
[EventDate "2015.05.15"]
[EventType "swiss"]
[EventRounds "6"]
[EventCountry "SLO"]
[SourceTitle "EXT 2023"]
[Source "ChessBase"]
[SourceDate "2022.10.05"]
[SourceVersion "1"]
[SourceVersionDate "2022.10.05"]
[SourceQuality "1"]

1. e4 c6 2. d4 d5 3. Nc3 dxe4 4. Nxe4 Nd7 5. Ng5 h6 6. Ne6 Qb6 7. Nxf8 Nxf8 8. c3 Nf6 9. Nf3 Bf5 10. Bd3 Bxd3 11. Qxd3 Ng6 12. Qc2 e6 13. Be3 Nd5 14. c4 Nxe3 15. fxe3 Qb4+ 16. Qc3 Qxc3+ 17. bxc3 0-0-0 18. 0-0 f6 19. Rfd1 b6 20. a4 a5 21. Rab1 Kc7 22. Rd2 Ne7 23. Kf2 Nf5 24. Rdb2 Rb8 25. Nd2 Rhd8 26. Ne4 Ne7 27. c5 Nd5 28. cxb6+ Rxb6 29. Rxb6 Nxb6 30. Nc5 Re8 31. Ke2 e5 32. Kd3 exd4 33. cxd4 f5 34. g3 g6 35. Na6+ Kb7 36. Nc5+ Kc7 37. Na6+ Kb7 38. Nc5+ Kc7 39. Na6+ Kb7 40. Nc5+ 1/2-1/2

[Event "SLO-chT U16"]
[Site "Debeli Rtic"]
[Date "2015.05.16"]
[Round "3"]
[White "Bajc, Aleksander"]
[Black "Markosek, Maj"]
[Result "1/2-1/2"]
[WhiteElo "1595"]
[BlackElo "1897"]
[PlyCount "76"]
[EventDate "2015.05.15"]
[EventType "swiss"]
[EventRounds "6"]
[EventCountry "SLO"]
[SourceTitle "EXT 2023"]
[Source "ChessBase"]
[SourceDate "2022.10.05"]
[SourceVersion "1"]
[SourceVersionDate "2022.10.05"]
[SourceQuality "1"]

1. d4 Nf6 2. c4 e6 3. g3 d5 4. Nf3 Be7 5. Bg2 0-0 6. 0-0 c6 7. Nc3 b6 8. Nd2 Bb7 9. e4 dxc4 10. Nxc4 Ba6 11. b3 b5 12. Ne3 b4 13. Ne2 Bxe2 14. Qxe2 Qxd4 15. Bb2 Qd8 16. Rac1 Qa5 17. Qc2 Rc8 18. Nc4 Qa6 19. Rfd1 Nbd7 20. Bf1 Qb7 21. Na5 Qb6 22. Nxc6 Bf8 23. Bd4 Qb7 24. Bg2 e5 25. Be3 Kh8 26. Bh3 Rc7 27. Na5 Rxc2 28. Nxb7 Rxc1 29. Rxc1 Nb6 30. f3 g6 31. Nc5 Rd8 32. Kf2 Kg7 33. Nb7 Rb8 34. Nc5 Rd8 35. Nb7 Rb8 36. Nc5 Rd8 37. Nb7 Rb8 38. Nc5 Rd8 1/2-1/2

[Event "SLO-chT U16"]
[Site "Debeli Rtic"]
[Date "2015.05.15"]
[Round "2"]
[White "Markosek, Maj"]
[Black "Pridigar, Lovro"]
[Result "1-0"]
[WhiteElo "1897"]
[BlackElo "1899"]
[PlyCount "61"]
[EventDate "2015.05.15"]
[EventType "swiss"]
[EventRounds "6"]
[EventCountry "SLO"]
[SourceTitle "EXT 2023"]
[Source "ChessBase"]
[SourceDate "2022.10.05"]
[SourceVersion "1"]
[SourceVersionDate "2022.10.05"]
[SourceQuality "1"]

1. d4 Nf6 2. Nf3 c5 3. c3 cxd4 4. cxd4 Nc6 5. Nc3 g6 6. d5 Nb8 7. Bg5 Bg7 8. Qd2 d6 9. g3 Nbd7 10. Bg2 Nc5 11. Nd4 Qb6 12. Rd1 Ng4 13. 0-0 h6 14. Bf4 Ne5 15. b3 Bd7 16. h3 Rc8 17. Be3 g5 18. Rb1 0-0 19. f4 gxf4 20. gxf4 Ng6 21. b4 Na6 22. Nc6 Bxc3 23. Qxc3 Qc7 24. f5 Kh7 25. fxg6+ fxg6 26. Rxf8 Rxf8 27. Qd4 bxc6 28. Qh4 Bf5 29. Qxh6+ Kg8 30. Bd4 Kf7 31. e4 1-0

[Event "SLO-chT U16"]
[Site "Debeli Rtic"]
[Date "2015.05.15"]
[Round "1"]
[White "Mlakar, Matej"]
[Black "Markosek, Maj"]
[Result "0-1"]
[WhiteElo "1405"]
[BlackElo "1897"]
[PlyCount "74"]
[EventDate "2015.05.15"]
[EventType "swiss"]
[EventRounds "6"]
[EventCountry "SLO"]
[SourceTitle "EXT 2023"]
[Source "ChessBase"]
[SourceDate "2022.10.05"]
[SourceVersion "1"]
[SourceVersionDate "2022.10.05"]
[SourceQuality "1"]

1. e4 c6 2. d4 d5 3. exd5 cxd5 4. Bd3 Nc6 5. c3 Nf6 6. Bf4 Bg4 7. Qb3 Qc8 8. f3 Bh5 9. Ne2 e6 10. 0-0 Be7 11. Ng3 Bg6 12. Bxg6 hxg6 13. Nd2 0-0 14. Bg5 Qc7 15. Rad1 Bd6 16. Bh4 Bf4 17. Bxf6 gxf6 18. Rfe1 Bxg3 19. hxg3 Kg7 20. Kf2 Rh8 21. Rh1 a6 22. f4 b5 23. Nf3 Qb6 24. a4 b4 25. Rb1 Rab8 26. Rxh8 Kxh8 27. Nd2 Kg7 28. g4 Qa7 29. Qc2 e5 30. fxe5 fxe5 31. Kf1 exd4 32. cxd4 Nxd4 33. Qd3 Rh8 34. Kf2 Nf5+ 35. Kf3 Nd4+ 36. Kf2 Re8 37. Nf3 Nf5+ 0-1

[Event "SLO-ch U14"]
[Site "Bled"]
[Date "2015.02.23"]
[Round "5"]
[White "Tisaj, Domen"]
[Black "Markosek, Maj"]
[Result "0-1"]
[WhiteElo "1682"]
[BlackElo "1780"]
[PlyCount "148"]
[EventDate "2015.02.21"]
[EventType "swiss"]
[EventRounds "9"]
[EventCountry "SLO"]
[SourceTitle "EXT 2023"]
[Source "ChessBase"]
[SourceDate "2022.10.05"]
[SourceVersion "1"]
[SourceVersionDate "2022.10.05"]
[SourceQuality "1"]

1. d4 Nf6 2. c4 e6 3. Nc3 Bb4 4. Qc2 0-0 5. a3 Bxc3+ 6. bxc3 Ne8 7. Nf3 b6 8. Bf4 c5 9. e3 Bb7 10. Bd3 f5 11. Qe2 Nc6 12. 0-0 Na5 13. Rfd1 d6 14. Nd2 Rc8 15. f3 Qe7 16. Bg3 h6 17. Rab1 g6 18. Nb3 Nxb3 19. Rxb3 Rd8 20. Rdb1 e5 21. d5 Qd7 22. Bc2 Ba6 23. R3b2 Nf6 24. Bb3 Nxd5 25. Qd2 Nf6 26. Rd1 Qe6 27. e4 f4 28. Bf2 Bxc4 29. Bxc4 Qxc4 30. Qc2 Ne8 31. Rd2 Rb8 32. a4 Rf7 33. Rd1 Rfb7 34. Rdb1 a6 35. g3 fxg3 36. hxg3 g5 37. Kg2 b5 38. Qb3 Qxb3 39. Rxb3 Kf7 40. Be3 Nf6 41. c4 b4 42. Rd1 Ke6 43. Rbd3 Rb6 44. a5 Rc6 45. Rb3 Rg8 46. Rh1 Rg6 47. g4 Ke7 48. Kg3 Ne8 49. Rb2 Kf7 50. Rbh2 Kg7 51. Rd2 Rc7 52. Re2 Rf7 53. Rd1 Rgf6 54. Rf2 Kg6 55. Rh1 Rh7 56. Rfh2 Ng7 57. Rd2 Re6 58. Rhd1 Ne8 59. Rh1 Rf6 60. Rdh2 Rf8 61. Rd1 h5 62. gxh5+ Rxh5 63. Rxh5 Kxh5 64. Rh1+ Kg6 65. Rh2 Ng7 66. Kg4 Ne6 67. Rh5 b3 68. Bc1 Rb8 69. Rh2 Rb4 70. Rb2 Rxc4 71. Rxb3 Rxc1 72. Rb6 c4 73. Rxd6 Kf6 74. Rxa6 c3 0-1

[Event "SLO-ch U14"]
[Site "Bled"]
[Date "2015.02.21"]
[Round "2"]
[White "Markosek, Maj"]
[Black "Bajc, Aleksander"]
[Result "1-0"]
[WhiteElo "1780"]
[BlackElo "1579"]
[PlyCount "101"]
[EventDate "2015.02.21"]
[EventType "swiss"]
[EventRounds "9"]
[EventCountry "SLO"]
[SourceTitle "EXT 2023"]
[Source "ChessBase"]
[SourceDate "2022.10.05"]
[SourceVersion "1"]
[SourceVersionDate "2022.10.05"]
[SourceQuality "1"]

1. d4 c6 2. c4 d5 3. cxd5 cxd5 4. Nc3 Nf6 5. Nf3 Nc6 6. a3 a6 7. e3 Bf5 8. Bd3 Bxd3 9. Qxd3 e6 10. 0-0 b5 11. Nd2 Be7 12. f4 0-0 13. Nf3 Na5 14. Ne5 Rc8 15. Bd2 Nc4 16. b4 Nd7 17. Nxc4 bxc4 18. Qc2 Rb8 19. Rfb1 Nf6 20. h3 Qd7 21. Be1 Ne8 22. Rb2 Nc7 23. Qb1 Rb7 24. a4 Rfb8 25. Na2 Qe8 26. Qc2 Qd7 27. Rab1 h6 28. Bc3 f5 29. Nc1 Qe8 30. Kh1 Qd7 31. Ne2 Kh8 32. Ng1 Bd6 33. Nf3 Qe7 34. Qd2 Qd7 35. Ra1 Qe7 36. Ne5 Bxe5 37. fxe5 Qe8 38. Qd1 Qg6 39. Qf3 Qe8 40. g3 Qd7 41. Rg2 Rf8 42. g4 Qe7 43. g5 Qf7 44. gxh6 gxh6 45. Rag1 Ne8 46. Rg6 Ng7 47. Rxh6+ Kg8 48. Qg3 f4 49. Qh4 Qf5 50. Rh8+ Kf7 51. Rxg7+ 1-0

[Event "Kozje op 1st"]
[Site "Kozje"]
[Date "2014.08.30"]
[Round "6"]
[White "Majcen, Maja"]
[Black "Markosek, Maj"]
[Result "0-1"]
[WhiteElo "1368"]
[BlackElo "1756"]
[PlyCount "107"]
[EventDate "2014.08.28"]
[EventType "swiss"]
[EventRounds "9"]
[EventCountry "SLO"]
[SourceTitle "EXT 2019"]
[Source "ChessBase"]
[SourceDate "2018.10.10"]
[SourceVersion "1"]
[SourceVersionDate "2018.10.10"]
[SourceQuality "1"]

1. e4 c6 2. d4 d5 3. Nc3 dxe4 4. Nxe4 Nd7 5. Nf3 Ngf6 6. Nxf6+ Nxf6 7. Be3 Bg4 8. Be2 e6 9. c3 Bd6 10. h3 Bh5 11. Qc2 Nd5 12. a3 Nxe3 13. fxe3 Bg3+ 14. Kd2 Bg6 15. Bd3 Bxd3 16. Qxd3 Qb6 17. Kc2 a5 18. Raf1 h6 19. a4 0-0 20. Nd2 f5 21. Nb3 Qc7 22. Nc5 Rfe8 23. Qc4 Kh8 24. Rf3 Bd6 25. b3 Bxc5 26. Qxc5 b6 27. Qc4 Qd6 28. Kb2 Rab8 29. Re1 b5 30. axb5 Rxb5 31. Rb1 Reb8 32. Ka2 Qd7 33. Rff1 g6 34. Rg1 Qd6 35. g3 R5b7 36. Rg2 h5 37. h4 Kg7 38. Rbb2 Re8 39. Qa4 Qd7 40. Kb1 Qc7 41. Qc4 Qd6 42. Qa4 Ra7 43. Kc2 Qd5 44. Kc1 Rb8 45. c4 Qe4 46. Rbe2 Rab7 47. Qxa5 Rxb3 48. Qe5+ Qxe5 49. dxe5 Rc3+ 50. Rc2 Ra3 51. Rce2 Rbb3 52. Kd2 Ra2+ 53. Ke1 Rxe2+ 54. Rxe2 0-1

[Event "SLO-ch U20"]
[Site "Smarjeske Toplice"]
[Date "2014.06.29"]
[Round "8"]
[White "Opalic, David"]
[Black "Markosek, Maj"]
[Result "1/2-1/2"]
[WhiteElo "1736"]
[BlackElo "1696"]
[PlyCount "64"]
[EventDate "2014.06.24"]
[EventType "swiss"]
[EventRounds "9"]
[EventCountry "SLO"]
[SourceTitle "EXT 2019"]
[Source "ChessBase"]
[SourceDate "2018.10.10"]
[SourceVersion "1"]
[SourceVersionDate "2018.10.10"]
[SourceQuality "1"]

1. e4 c6 2. d4 d5 3. Nc3 dxe4 4. Nxe4 Nd7 5. Ng5 Ngf6 6. Bd3 e6 7. N1f3 Bd6 8. Qe2 h6 9. Ne4 Nxe4 10. Qxe4 Nf6 11. Qe2 Qc7 12. Bd2 b6 13. Ne5 Bb7 14. f4 0-0-0 15. 0-0-0 Kb8 16. Rhf1 g6 17. h3 h5 18. g3 Ka8 19. Kb1 Rc8 20. c4 c5 21. dxc5 Bxc5 22. Bc3 Qe7 23. g4 hxg4 24. hxg4 Rh3 25. g5 Nh5 26. Qc2 Ng3 27. Rfe1 a5 28. Bf1 Nxf1 29. Rxf1 Re3 30. Ka1 Rc7 31. Ng4 Be4 32. Qh2 Rd3 1/2-1/2

[Event "SLO-ch U20"]
[Site "Smarjeske Toplice"]
[Date "2014.06.24"]
[Round "1"]
[White "Urbanc, Peter"]
[Black "Markosek, Maj"]
[Result "0-1"]
[WhiteElo "2103"]
[BlackElo "1696"]
[PlyCount "120"]
[EventDate "2014.06.24"]
[EventType "swiss"]
[EventRounds "9"]
[EventCountry "SLO"]
[SourceTitle "EXT 2019"]
[Source "ChessBase"]
[SourceDate "2018.10.10"]
[SourceVersion "1"]
[SourceVersionDate "2018.10.10"]
[SourceQuality "1"]

1. d4 Nf6 2. c4 e6 3. g3 d5 4. Nf3 c6 5. Qc2 Bd6 6. Bg2 Nbd7 7. 0-0 0-0 8. Nc3 Re8 9. Bg5 h6 10. Bxf6 Nxf6 11. Rad1 a6 12. e4 dxe4 13. Nxe4 Nxe4 14. Qxe4 Qc7 15. c5 Be7 16. Ne5 Bf6 17. Nxc6 Bd7 18. Ne5 Bxe5 19. Qxe5 Qxe5 20. dxe5 Bb5 21. Bxb7 Rab8 22. c6 Bxf1 23. Kxf1 Re7 24. Rd7 Rxd7 25. cxd7 Kf8 26. b3 a5 27. Bc6 Ke7 28. Ke2 Rb4 29. Ke3 f6 30. exf6+ gxf6 31. Kd3 e5 32. f3 Rd4+ 33. Ke2 Rb4 34. g4 h5 35. h3 h4 36. Ba4 Rd4 37. Bc6 Rb4 38. Kd3 Rd4+ 39. Kc2 Rd6 40. Ba4 Rd4 41. a3 e4 42. fxe4 Rxe4 43. Kd2 Rd4+ 44. Ke2 Re4+ 45. Kd2 Rd4+ 46. Kc3 Rf4 47. Bc6 Rf1 48. Kc4 Rc1+ 49. Kb5 Rc3 50. b4 axb4 51. axb4 Rxh3 52. Kb6 Kd8 53. b5 Rc3 54. Ka7 h3 55. Be4 h2 56. b6 Ra3+ 57. Kb7 Kxd7 58. Bc6+ Kd6 59. Bg2 Ra2 60. Bf3 Ra1 0-1

[Event "Ljubljana op 2nd"]
[Site "Ljubljana"]
[Date "2014.06.10"]
[Round "9"]
[White "Cerkvenik, Simon"]
[Black "Markosek, Maj"]
[Result "1/2-1/2"]
[WhiteElo "1708"]
[BlackElo "1702"]
[PlyCount "42"]
[EventDate "2014.04.02"]
[EventType "swiss"]
[EventRounds "9"]
[EventCountry "SLO"]
[SourceTitle "EXT 2023"]
[Source "ChessBase"]
[SourceDate "2022.10.05"]
[SourceVersion "1"]
[SourceVersionDate "2022.10.05"]
[SourceQuality "1"]

1. e4 c6 2. c4 d5 3. cxd5 cxd5 4. exd5 Qxd5 5. Nc3 Qd8 6. Nf3 Nf6 7. Bc4 e6 8. 0-0 Be7 9. d4 0-0 10. Re1 Nbd7 11. Bb3 Nb6 12. Bg5 Re8 13. Qd3 Nfd5 14. Nxd5 Nxd5 15. Bxe7 Rxe7 16. Qe4 Nf6 17. Qh4 Rd7 18. Rad1 Nd5 19. Qe4 Nf6 20. Qh4 Nd5 21. Qe4 Nf6 1/2-1/2

[Event "Ljubljana op 2nd"]
[Site "Ljubljana"]
[Date "2014.05.28"]
[Round "7"]
[White "Lavrih, Domen"]
[Black "Markosek, Maj"]
[Result "0-1"]
[WhiteElo "1439"]
[BlackElo "1702"]
[PlyCount "98"]
[EventDate "2014.04.02"]
[EventType "swiss"]
[EventRounds "9"]
[EventCountry "SLO"]
[SourceTitle "EXT 2023"]
[Source "ChessBase"]
[SourceDate "2022.10.05"]
[SourceVersion "1"]
[SourceVersionDate "2022.10.05"]
[SourceQuality "1"]

1. e4 c6 2. d4 d5 3. exd5 cxd5 4. c4 e6 5. Nc3 Nf6 6. Nf3 Bb4 7. cxd5 exd5 8. Bd3 0-0 9. 0-0 h6 10. Bf4 Bg4 11. h3 Bh5 12. Kh2 Nc6 13. g4 Bg6 14. Bxg6 fxg6 15. Qd3 Nxg4+ 16. hxg4 Rxf4 17. Rg1 Qf6 18. Nxd5 Qd6 19. Nxf4 Qxf4+ 20. Rg3 Bd6 21. Kg2 Rf8 22. Rf1 Qf6 23. Rh3 Rf7 24. Rfh1 Qe6 25. g5 Qg4+ 26. Kf1 Bf4 27. Qxg6 Ne7 28. Qh5 Qf5 29. gxh6 g5 30. Rg1 Ng6 31. Qg4 Qb5+ 32. Kg2 Rf5 33. Kh1 Kh7 34. Ne5 Qd5+ 35. Rg2 Qe6 36. Nxg6 Qxg6 37. Qf3 Rb5 38. Qd3 Rf5 39. Qe4 b6 40. Rd3 Bd6 41. d5 a6 42. Qe6 Rf6 43. Qe3 Bf4 44. Qh3 Bd6 45. Rd1 b5 46. Qd3 Rf5 47. Re1 g4 48. Re6 Rh5+ 49. Kg1 Qxd3 0-1

[Event "SLO-chT U16"]
[Site "Moravske Toplice"]
[Date "2014.05.17"]
[Round "3"]
[White "Skuhala, Luka"]
[Black "Markosek, Maj"]
[Result "1/2-1/2"]
[WhiteElo "1869"]
[BlackElo "1696"]
[PlyCount "56"]
[EventDate "2014.05.16"]
[EventType "team-swiss"]
[EventRounds "6"]
[EventCountry "SLO"]
[SourceTitle "EXT 2022"]
[Source "ChessBase"]
[SourceDate "2021.10.06"]
[SourceVersion "1"]
[SourceVersionDate "2021.10.06"]
[SourceQuality "1"]

1. e4 c6 2. d4 d5 3. f3 e6 4. e5 c5 5. c3 Nc6 6. Be3 cxd4 7. cxd4 Nge7 8. Bd3 Qb6 9. Qd2 Bd7 10. Ne2 Nb4 11. Nbc3 Nxd3+ 12. Qxd3 Nf5 13. 0-0 Nxe3 14. Qxe3 Be7 15. f4 g6 16. Qd2 Rc8 17. a3 h6 18. Rac1 Bc6 19. b4 a6 20. Kh1 Rd8 21. Qd3 Ra8 22. Rb1 Bb5 23. Nxb5 axb5 24. Rb3 Rc8 25. Rc3 Kd7 26. Rfc1 Rc4 27. Rxc4 bxc4 28. Qe3 Ra8 1/2-1/2

[Event "Ljubljana op 2nd"]
[Site "Ljubljana"]
[Date "2014.04.09"]
[Round "2"]
[White "Straze, Matija"]
[Black "Markosek, Maj"]
[Result "1-0"]
[WhiteElo "1604"]
[BlackElo "1702"]
[PlyCount "141"]
[EventDate "2014.04.02"]
[EventType "swiss"]
[EventRounds "9"]
[EventCountry "SLO"]
[SourceTitle "EXT 2023"]
[Source "ChessBase"]
[SourceDate "2022.10.05"]
[SourceVersion "1"]
[SourceVersionDate "2022.10.05"]
[SourceQuality "1"]

1. e4 c6 2. d4 d5 3. exd5 cxd5 4. Bd3 Nc6 5. Nf3 Bg4 6. c3 e6 7. 0-0 Nf6 8. Nbd2 Bd6 9. Qc2 Bh5 10. h3 a6 11. Qb1 Rc8 12. b3 Bg6 13. Bxg6 hxg6 14. Bb2 0-0 15. Qd3 Nh5 16. c4 Nf4 17. Qb1 Bb8 18. c5 Qc7 19. Re1 Rfe8 20. a3 Qd8 21. Bc3 Qf6 22. b4 g5 23. Ne5 Bxe5 24. dxe5 Qd8 25. Nf3 d4 26. Bd2 Qd5 27. Qe4 f6 28. exf6 gxf6 29. Bxf4 Qxe4 30. Rxe4 f5 31. Re2 gxf4 32. Rd1 e5 33. Nh4 e4 34. Nxf5 d3 35. Ree1 Re5 36. Nd6 Rd8 37. Rxe4 Rxe4 38. Nxe4 Ne5 39. Nd6 b6 40. Ne4 bxc5 41. Nxc5 Rd6 42. Kf1 Kf7 43. f3 Kg6 44. Kf2 Kf5 45. h4 Kg6 46. g3 fxg3+ 47. Kxg3 Kf5 48. h5 Rd8 49. h6 d2 50. Ne4 Nc4 51. Nxd2 Kg6 52. h7 Ne3 53. Rh1 Nf5+ 54. Kf2 Nh6 55. Nc4 Kxh7 56. Rh5 Rf8 57. Ra5 Rf6 58. Ne3 Kg6 59. Nd5 Rd6 60. Nc7 Rd2+ 61. Ke3 Rb2 62. Rxa6+ Kg5 63. Ne6+ Kh4 64. Nd4 Nf7 65. f4 Rb1 66. Ke4 Re1+ 67. Kd5 Kg4 68. Rf6 Re7 69. Nc6 Rc7 70. Rxf7 Rxf7 71. Ne5+ 1-0

[Event "Ljubljana op 2nd"]
[Site "Ljubljana"]
[Date "2014.04.07"]
[Round "1"]
[White "Markosek, Maj"]
[Black "Jovanovski, Vangel"]
[Result "1-0"]
[WhiteElo "1702"]
[BlackElo "1668"]
[PlyCount "91"]
[EventDate "2014.04.02"]
[EventType "swiss"]
[EventRounds "9"]
[EventCountry "SLO"]
[SourceTitle "EXT 2023"]
[Source "ChessBase"]
[SourceDate "2022.10.05"]
[SourceVersion "1"]
[SourceVersionDate "2022.10.05"]
[SourceQuality "1"]

1. d4 d5 2. c4 e6 3. Nc3 dxc4 4. e3 a6 5. Bxc4 Nf6 6. Nf3 Nc6 7. 0-0 b5 8. Bd3 Bb7 9. a3 g6 10. Qc2 Bg7 11. Ne4 Nxe4 12. Bxe4 Qd7 13. Bd2 f5 14. Bxc6 Bxc6 15. Rac1 Bxf3 16. gxf3 Rc8 17. Qc6 Kd8 18. Qxa6 c6 19. Qb6+ Ke8 20. Qc5 Kf7 21. Ra1 Ra8 22. Rfc1 Rhc8 23. Kg2 Qd8 24. Rh1 Qc7 25. f4 Bf8 26. Qc2 Be7 27. a4 Qd7 28. f3 c5 29. Qd3 bxa4 30. Bc3 c4 31. Qd2 Qb5 32. Rhd1 Rd8 33. Qc1 h6 34. Qd2 g5 35. e4 Rg8 36. Kh1 gxf4 37. Qxf4 Bg5 38. Qc7+ Be7 39. d5 Qc5 40. dxe6+ Kxe6 41. exf5+ Kf7 42. Qxc5 Bxc5 43. Rd7+ Ke8 44. Rc7 Bf2 45. Rxc4 Rd8 46. Rg4 1-0